Použitie softvéru MoSes pri určovaní ziskovosti produktu životného poistenia
Predstavenie aktuárskeho softvéru MoSes používaného v poisťovacích spoločnostiach na rôzne aktuárske činnosti, so zameraním na projektovanie peňažných tokov s cieľom určenia, či portfólio poistných zmlúv je ziskové. Ukážka, ako nastaviť predpoklady aktuárskej bázy v softvéri MoSes (napr. vstupy), pr...
Salvato in:
| Autore principale: | |
|---|---|
| Altri autori: | |
| Natura: | Capitolo di libro |
| Lingua: | slovacco |
| Soggetti: | |
| Tags: |
Nessun Tag, puoi essere il primo ad aggiungerne!!
|
MARC
| LEADER | 00000naa$a2200000$$$4500 | ||
|---|---|---|---|
| 001 | 0280912 | ||
| 005 | 20240502083900.0 | ||
| 041 | 0 | |a slo | |
| 044 | |a CZ | ||
| 245 | 1 | 0 | |a Použitie softvéru MoSes pri určovaní ziskovosti produktu životného poistenia |c Tatiana Šoltésová, Andrea Chalmovianská |
| 520 | |a Predstavenie aktuárskeho softvéru MoSes používaného v poisťovacích spoločnostiach na rôzne aktuárske činnosti, so zameraním na projektovanie peňažných tokov s cieľom určenia, či portfólio poistných zmlúv je ziskové. Ukážka, ako nastaviť predpoklady aktuárskej bázy v softvéri MoSes (napr. vstupy), práce v prostredí MoSes a predstavenia výstupu, z ktorého sa zistia potrebné údaje a projektované peňažné toky. Ukážka spôsobu reportovania výsledkov výpočtov pre manažment poisťovne. | ||
| 610 | 2 | 0 | |a poisťovníctvo |
| 610 | 2 | 0 | |a aktuári |
| 610 | 2 | 0 | |a metódy aktuárske |
| 610 | 2 | 0 | |a softvér |
| 610 | 2 | 0 | |a poisťovne |
| 610 | 2 | 0 | |a riadenie finančné |
| 610 | 2 | 0 | |a projektovanie finančné |
| 610 | 2 | 0 | |a poistenie životné investičné |
| 610 | 2 | 0 | |a marža |
| 100 | 1 | |a Šoltésová, Tatiana, 1975- | |
| 700 | 1 | |a Chalmovianská, Andrea | |